| 000 | 00751cab a2200229 4500 | ||
|---|---|---|---|
| 001 | ABS56132 | ||
| 008 | 090401t1996 xxu||||| |||| 00| 0 eng d | ||
| 035 | _a(Sirsi) u21470 | ||
| 041 | _aeng | ||
| 100 | _aShah, V. | ||
| 245 | _aSelf-assessment and property income | ||
| 260 | _c1996 | ||
| 350 | _a0 | ||
| 490 |
_aEstates Gazette _v(9639) 28 September 1996, 166-167(2) |
||
| 520 | _aExplains how to avoid paying double taxation on rental income during the transition from old tax rule to the new system under self-assessment. Compares the two systems and how transitional adjustments are made. | ||
| 650 | _aRENTAL INCOME | ||
| 650 | _aSELF-ASSESSMENT | ||
| 690 | _aTAXATION | ||
| 700 | _aMalde, D. | ||
| 942 | _n0 | ||
| 948 | _c04/03/1997 | ||
| 999 |
_c14415 _d14415 |
||